XV Congreso Argentino de la Ciencia del Suelo : Trabajos, comunicaciones y relatos /
Guardado en:
| Autores Corporativos: | , |
|---|---|
| Formato: | Libro |
| Idioma: | Spanish |
| Publicado: |
Santa Rosa :
Asociación Argentina de la Ciencia del Suelo,
1996.
|
| Etiquetas: |
Agregar Etiqueta
Sin Etiquetas, Sea el primero en etiquetar este registro!
|
| LEADER | 00677nam a22001455a 4500 | ||
|---|---|---|---|
| 001 | EEA.libagro005361 | ||
| 005 | 20180704122949.0 | ||
| 008 | 130809s1996####ag#a##########100#0#spa#d | ||
| 082 | 0 | 4 | |a 631.4 |
| 111 | 2 | |a Congreso Argentino de la Ciencia del Suelo |n (15 : |d 19 al 24 de mayo de 1996 : |c Santa Rosa) | |
| 245 | 1 | 0 | |a XV Congreso Argentino de la Ciencia del Suelo : |b Trabajos, comunicaciones y relatos / |c Asociación Argentina de la Ciencia del Suelo. |
| 260 | |a Santa Rosa : |b Asociación Argentina de la Ciencia del Suelo, |c 1996. | ||
| 300 | |a 424 p. : |b il. ; |c 28 cm. | ||
| 710 | 2 | |a Asociación Argentina de la Ciencia del Suelo. | |
| 859 | |a AR-BbBCA |b BIB. AGRONOMIA |h 631.4 |i C749 15 1996 |p 1996/2658 | ||
